| 000 | 00707nam a22002417a 4500 | ||
|---|---|---|---|
| 001 | 6143 | ||
| 003 | FISKH | ||
| 005 | 20250319123221.0 | ||
| 008 | 250319b cb ||||| |||| 00| 0 eng d | ||
| 020 | _a9780531186800 | ||
| 040 |
_aFISKH _beng _cFISKH _dFISKH |
||
| 050 | _aPZ7 | ||
| 082 | _a781.65092 | ||
| 100 | _aBrown, Sandford | ||
| 245 |
_aLouis Armstrong : _bSwinging, singing, satchmo / _cBy Sandford Brown |
||
| 260 |
_aNew York : _bScholastic ; _c2003. |
||
| 300 |
_a124 pages : _billustrations ; _c23 cm . |
||
| 520 | _aA biography of famous musician Louis Armstrong. | ||
| 650 |
_aBlack history _vNon-fiction |
||
| 650 |
_aBiographies _vNon-fiction |
||
| 942 |
_2ddc _cBK _n0 |
||
| 999 |
_c6143 _d6143 |
||